000 00907nam a22001935i 4500
001 156155
003 ES-MaACL
005 20251017063108.0
008 020312s1875 sp |||| | spa d
040 _aCAM
_bspa
_cCAM
100 1 _aJackson Cortés, Eduardo,
_d1826-1890
_9128236
245 1 0 _aTres tipos del año XX
_b: pasillo comico-bufo en un acto y en verso /
_coriginal de Eduardo Jackson Cortés.
260 _aMadrid :
_b[s.n.],
_c1875 (
_fImprenta de José Rodriguez)
300 _a36 p. ;
_c20 cm.
500 1 _aEstrenado en el Teatro de Variedades, la noche del 10 de febrero de 1875.
596 1 _aEn verso de la port. consta: "... Galería Lírico-Dramática titulada El Teatro, de Gullon ..."
852 _aES-MaACL
_jF-8553(5)
_z-- Enc. pasta española
_z-- Enc. en un vol. facticio formando parte de la col. facticia "Teatro español moderno", v. 5
999 _c156155
_d156155